Gaming Quiz

Random Gaming or Mario Quiz

Mario Kart 8 Courses Quiz Stats

Quiz not verified by Sporcle

Challenge
Share
Tweet
Embed
Score 0/48 Timer 06:00
0 Plays Today
Cup Course % Correct
Special CupRainbow Road
94.2%
Lightning CupRainbow Road
94.2%
Triforce CupRainbow Road
94.2%
Special CupBowser's Castle
92.3%
Flower CupMario Circuit
90.4%
Shell CupMario Circuit
90.4%
Mushroom CupMario Kart Stadium
88.5%
Mushroom CupWater Park
84.6%
Mushroom CupSweet Sweet Canyon
84.6%
Flower CupToad Harbor
82.7%
Star CupMount Wario
78.8%
Star CupSunshine Airport
76.9%
Star CupDolphin Shoals
76.9%
Special CupCloudtop Cruise
75%
Mushroom CupThwomp Ruins
73.1%
Flower CupShy Guy Falls
73.1%
Star CupElectrodrome
73.1%
Special CupBone-Dry Dunes
73.1%
Shell CupMoo Moo Meadows
73.1%
Shell CupToad's Turnpike
73.1%
Flower CupTwisted Mansion
71.2%
Shell CupCheep Cheep Beach
67.3%
Leaf CupSherbet Land
67.3%
Banana CupDry Dry Desert
63.5%
Cup Course % Correct
Banana CupDK Jungle
63.5%
Leaf CupWario Stadium
63.5%
Leaf CupMusic Park
61.5%
Lightning CupTick-Tock Clock
61.5%
Lightning CupGrumble Volcano
61.5%
Bell CupBig Blue
61.5%
Egg CupYoshi Circuit
59.6%
Triforce CupHyrule Circuit
59.6%
Banana CupRoyal Raceway
57.7%
Leaf CupYoshi Valley
55.8%
Crossing CupCheese Land
55.8%
Banana CupDonut Plains 3
53.8%
Egg CupMute City
53.8%
Bell CupRibbon Road
53.8%
Lightning CupPiranha Plant Slide
51.9%
Triforce CupWario's Gold Mine
51.9%
Crossing CupAnimal Crossing
51.9%
Egg CupExcitebike Arena
50%
Crossing CupBaby Park
50%
Bell CupSuper Bell Subway
50%
Egg CupDragon Driftway
44.2%
Bell CupNeo Bowser City
38.5%
Triforce CupIce Ice Outpost
36.5%
Crossing CupWild Woods
36.5%

You're not logged in!

Compare scores with friends on all Sporcle quizzes.
Join for Free
OR
Log In

You Might Also Like...

Show Comments

Extras

Created Mar 14, 2016ReportNominate
Tags:Mario Quiz, course, cup, kart, Mario Kart

Top Quizzes Today


Score Distribution

Your Account Isn't Verified!

In order to create a playlist on Sporcle, you need to verify the email address you used during registration. Go to your Sporcle Settings to finish the process.

Report this User

Report this user for behavior that violates our Community Guidelines.

Details: